Statistics for Formula One European Grand Prix Quiz

Click here to take the quiz!

General Stats

  • This quiz has been taken 66 times
  • The average score is 9 of 15

Answer Stats

HintAnswer% Correct
How many drivers have scored their first career win at the European Grand Prix?3 (Mansell, Villeneuve, and Hakkinen)
94%
How many times has Mark Webber won the European Grand Prix?0
87%
How many total laps did he lead? (follow up to previous question)6
83%
Michael Schumacher made contact with Jaques Villeneuve in 1997 at Jerez, but who went on to win the race?Mika Hakkinen
74%
When is the last time that a McLaren has won the European Grand Prix?2007
68%
In 1997, the top 3 qualifiers all set the same time of 1:21.072, Jaques Villeneuve, Michael Schumacher, and whom else?Heinz-Harald Frentzen
68%
What country has hosted the most European Grands Prix?Germany
64%
Michael Schumacher scored his final career podium at the 2012 European Grand Prix, bringing his total to how many podiums?155
62%
Markus Winkelhock led on his Grand Prix debut at the 2007 European Grand Prix at the Nurburgring, but what team was he driving for?Spyker
62%
As of 2017, when was the last time an Englishman won the European Grand Prix?1999 (Johnny Herbert)
57%
The 1983 European Grand Prix was held a what circuit?Brands Hatch
45%
Ayrton Senna won the 1993 European Grand Prix at Donnington Park, but what company was promoted heavily through out the weekend and even made a special prop trophy for the winner?Sega
38%
Who was on the prop trophy? (follow up to previous question)Sonic the Hedgehog
36%
Who won the pole for the 2005 European Grand Prix?Nick Heidfeld
30%
In 2010, Mark Webber made contact with Heikki Kovalainen and went airborn, but what was the sponsor that was on the sign he hit while he was airborn?DHL
21%

Score Distribution

Percentile by Number Answered

Percent of People with Each Score

Your Score History

You have not taken this quiz